Normal view MARC view

Entry Topical Term

Number of records used in: 1

001 - CONTROL NUMBER

  • control field: 727153

003 - CONTROL NUMBER IDENTIFIER

  • control field: OSt

005 - DATE AND TIME OF LATEST TRANSACTION

  • control field: 20241129110102.0

008 - FIXED-LENGTH DATA ELEMENTS

  • fixed length control field: 241129|| aca||aabn | a|a d

040 ## - CATALOGING SOURCE

  • Original cataloging agency: OSt
  • Transcribing agency: OSt

150 ## - HEADING--TOPICAL TERM

  • Topical term or geographic name entry element: LinguisticsPhilosophy

670 ## - SOURCE DATA FOUND

  • Source citation: Work cat.: (OSt)1227244: Wolf Michael P. Au. 723330, Philosophy of language: 50 puzzles, paradoxes, and thought experiments, 2024
Copyright @ Delhi University Library System